| 000 | 00554nam a2200205Ia 4500 | ||
|---|---|---|---|
| 003 | OSt | ||
| 005 | 20230408103341.0 | ||
| 008 | 210210b2013 xxu||||| |||| 00| 0 eng d | ||
| 020 | _a9788188496549 | ||
| 040 | _cAL | ||
| 041 | _aHindi | ||
| 082 | _aH891.9 MAHK | ||
| 100 |
_aMAHANTH (Vijay Lakshmi) _984716 |
||
| 245 |
_aKamayani ka jIvan darshan _bकामायनी का जीवन दर्शन |
||
| 260 |
_aMathura _bAmar Prakashan _c2013 |
||
| 300 | _a111 | ||
| 690 |
_aHindi Criticism _984717 |
||
| 906 | _a068116 | ||
| 942 |
_2ddc _cBK |
||
| 999 |
_c152792 _d152792 |
||